| 000 | 00441nam a22001697a 4500 | ||
|---|---|---|---|
| 005 | 20180328123848.0 | ||
| 008 | 160625b xxu||||| |||| 00| 0 eng d | ||
| 020 | _a978-81-259-2400-5 | ||
| 041 | _aeng | ||
| 082 |
_b10102 _a338.7 |
||
| 100 |
_aDwivedi, D.N. _9314 |
||
| 245 | _aEssentials of Business Environment | ||
| 260 |
_aNew Delhi _bVikas Publishing House (P) Ltd. _c2009 |
||
| 300 | _a447 | ||
| 650 |
_aManagement _9241 |
||
| 942 | _cBK | ||
| 999 |
_c4046 _d4045 |
||